000 01259nam0a22003011 4500
001 rc\4591738
005 20260407123008.0
021 _aRU
_b66-81124
021 _aRU
_bРг120-67
035 _a(NLR Aleph) 008384301
090 _a9137294
_c9137294
100 _a20130416d1966 |||y0rusy50 ca
101 0 _arus
102 _aRU
105 _ay z |||||
200 1 _aМетодическое пособие к циклу лекций: В труде идейно мужает юность
_e(Об участии молодежи Воронежской обл. в коммунистическом строительстве)
_fВоронежская обл. организация О-ва "Знание"
210 _aВоронеж
_cКоммуна
_d1966
215 _a23 с.
_d20
225 1 _aВ помощь лектору
300 _aВ вып. дан. авт.: И.М. Бегенев
320 _aБиблиогр. в конце тем
701 1 _aБегенев
_bИ.М.
712 0 2 _a"Знание", общество РСФСР
_bВоронежское областное отделение
_3RU\NLR\AUTH\889960943
_9418208
801 0 _aRU
_bNLR
_gpsbo
801 1 _aRU
_bELAR
_2rusmarc
852 _aNLR
_j66-4/18319
942 _cBOOK
980 _aNB